00000000nam 2200000za 4500
0019.846641
003CaOODSP
00520221107153243
007cr |||||||||||
008171106s1949    onc     os   f000 0 eng d
040 |aCaOODSP|beng
043 |an-cn---
0861 |aCS12-D/59-1949E-PDF
24500|aInventory accounting methods of Canadian manufacturers |h[electronic resource].
260 |aOttawa : |bDominion Bureau of Statistics, |c1949.
300 |a12 p.
4901 |aD.B.S. reference papers, 1949 ; |vno. 1
500 |aCover title.
500 |a"May 1949."
500 |aDigitized edition from print [produced by Statistics Canada].
520 |a“This report presents results of a survey of manufacturers' inventory accounting methods conducted by the Dominion Bureau of Statistics. Similar studies have been carried out in other countries, notably the United States, the United Kingdom and Australia, but heretofore adequate information on this phase of company accounting practice has not been available in Canada"--Introd., p. [1].
530 |aIssued also in print format.
69207|2gccst|aManufacturing industry
69207|2gccst|aInventories
69207|2gccst|aAccounting
69207|2gccst|aStatistics
7101 |aCanada. |bDominion Bureau of Statistics.
830#0|aD.B.S. reference papers ;|vno. 1|w(CaOODSP)9.812168
85640|qPDF|s1.85 MB|uhttps://publications.gc.ca/collections/collection_2017/statcan/CS12-D-59-1949-eng.pdf
986 |a12-D-59